000 00971nam a2200217Ia 4500
003 GCL
008 140319s9999 xx 000 0 ara d
040 _aGCL /
_cGCL
082 0 4 _a799.24
_bأ م
100 1 _aابراهيم السامرائى
245 1 0 _aالمقترح فى المصطلح فى صيد الطير على انه من ممارسة الفتوة فى التاريخ الاسلامى /
_cابراهيم السامرائى
700 1 _aالبقال : عز الدين ابو عبدالله محمد بن اسماعيل بن عبيدالله بن ودعة
260 _aالامارات :
_bمركز جمعه الماجد للثقافة والتراث ،
_c1997
300 _a94 ص
490 _aمطبوعات مركز جمعه الماجد للثقافة والتراث بدبى
_v0
650 0 4 _aالصيد - تاريخ
650 0 4 _aالرماية
650 0 4 _aالصيد - الامارات
650 0 4 _aالطيور - صيد
942 _2ddc
_cBK
999 _c4030
_d4030